00389nam a22001337a 450000500170000002000220001703500230003903700130006210000160007524500730009126000480016430000240021270000190023620180806152906.0 a8176295531c00.00 aB-159193, B-159195 aDPLbENG aSingh, Indu aHuman rights in India and Pakistan /cby Indu Singh and Ajay Saksena aNew DelhibDeep and Deep Publicationsc2004 avii, 219p.c20 cms. aSaksena, Ajay